UBT Library

Introduction to law / (Record no. 41689)

000 -LEADER
fixed length control field 00636cam a2200229 a 4500
001 - CONTROL NUMBER
control field 3467553
005 - DATE AND TIME OF LATEST TRANSACTION
control field 20180202082541.0
008 - FIXED-LENGTH DATA ELEMENTS--GENERAL INFORMATION
fixed length control field 930529s1994 mnua 001 0 eng
010 ## - LIBRARY OF CONGRESS CONTROL NUMBER
LC control number 93005116
020 ## - INTERNATIONAL STANDARD BOOK NUMBER
International Standard Book Number 0314025235 (hard : alk. paper)
040 ## - CATALOGING SOURCE
Original cataloging agency DLC
Transcribing agency DLC
Modifying agency DLC
041 ## - LANGUAGE CODE
Language code of text/sound track or separate title eng
043 ## - GEOGRAPHIC AREA CODE
Geographic area code n-us---
080 ## - UNIVERSAL DECIMAL CLASSIFICATION NUMBER
Universal Decimal Classification number 349.73 DUN
082 00 - DEWEY DECIMAL CLASSIFICATION NUMBER
Classification number 349.73 DUN
-- 347.3
Edition number 20
100 2# - Rafti
Rafti 14
101 ## - Shkurtesa
Shkurtesa JUR
245 10 - TITLE STATEMENT
Title Introduction to law /
Statement of responsibility, etc Beth Walston-Dunham.
906 ## - LOCAL DATA ELEMENT F, LDF (RLIN)
a 7
b cbc
c orignew
d 1
e ocip
f 19
g y-gencatlg
942 ## - ADDED ENTRY ELEMENTS (KOHA)
Source of classification or shelving scheme
Item type Books
Holdings
Withdrawn status Lost status Source of classification or shelving scheme Damaged status Not for loan Collection code Permanent location Current location Shelving location Date acquired Total Checkouts Full call number Barcode Date last seen Price effective from Koha item type
          Koleksioni i përgjithshem UBT - Lipjan UBT - Lipjan Koleksioni i përgjithshem 02/02/2018   349.73 DUN 002-2998002 02/02/2018 02/02/2018 Books
UBT Library © 2015-2024. All rights reserved University Education for Business and Technology